|
|
|
|
| LEADER |
00000nam0a2200000 4500 |
| 001 |
268218 |
| 005 |
20231101234140.0 |
| 035 |
|
|
|a (RuTPU)RU\TPU\book\291350
|
| 090 |
|
|
|a 268218
|
| 100 |
|
|
|a 20140828d1986 km y0rusy50 ca
|
| 101 |
0 |
|
|a rus
|
| 102 |
|
|
|a RU
|
| 105 |
|
|
|a y z 001zy
|
| 200 |
1 |
|
|a Красная Армия на фронте мирного строительства. Укрепление вооруженных сил и их роль в строительстве социализма 1920-июнь 1941 г. (на материалах Сибири)
|f А. Г. Заподовникова
|
| 210 |
|
|
|a Красноярск
|c Изд-во Красноярского ун-та
|d 1986
|
| 215 |
|
|
|a 179 с.
|
| 320 |
|
|
|a Библиогр.: с. 162-178
|
| 606 |
1 |
|
|a Вооруженные силы
|x СССР
|x История
|2 stltpush
|3 (RuTPU)RU\TPU\subj\3696
|9 32074
|
| 610 |
1 |
|
|a Красная Армия
|
| 610 |
1 |
|
|a мирное строительство
|
| 610 |
1 |
|
|a социалистическое строительство
|
| 610 |
1 |
|
|a 20 век
|
| 610 |
1 |
|
|a история
|
| 610 |
1 |
|
|a Сибирь
|
| 610 |
1 |
|
|a восстановление
|
| 610 |
1 |
|
|a народное хозяйство
|
| 610 |
1 |
|
|a политическая работа
|
| 610 |
1 |
|
|a промышленность
|
| 610 |
1 |
|
|a сельское хозяйство
|
| 610 |
1 |
|
|a помощь
|
| 686 |
|
|
|a Ц4,6(2)1
|v LBC/SL-A
|2 rubbk
|
| 700 |
|
1 |
|a Заподовникова
|b А. Г.
|g Антонина Григорьевна
|
| 801 |
|
1 |
|a RU
|b 63413507
|c 20140828
|
| 801 |
|
2 |
|a RU
|b 63413507
|c 20160929
|g RCR
|
| 942 |
|
|
|c BK
|